• 首页
  • 本馆介绍
  • 公告通知
  • 最新文献
  • 馆藏检索
  • 电子资源
  • 读者导购
  • 参考咨询
  • 我的图书馆
  • 登录
  • 详细信息显示
  • 放入我的书架
  • 预约/预借图书
  • 作者相关作品
  • 分类相关作品
  • 丛书相关作品
  • 出版社相关作品

书目信息

  • 表格格式
  • 工作单格式
  • 卡片格式
题名:
日语
    
 
作者: ;华南工学院等五院校 编
分册:  
出版信息: 北京   人民教育出版社  1979
页数: 340页
开本: 20cm
丛书名:
单 册:
中图分类: H36
科图分类:
主题词: 日语--高等学校--教材
电子资源:
ISBN:
000 00674nam0 2200229 45
001 0179001562
005 20060414091919.45
010    @dCNY0.95
091    @a9012.038
100    @a19950719d1979 em y0chiy0121 ea
101 0  @achi@ajpn
102    @aCN@b110000
105    @ay z 000yy
200 10 @a日语@Ari yu@f华南工学院等五院校编@Fhua nan gong xue yuan deng wu yuan xiao bian
210    @a北京@c人民教育出版社@d1979
215    @a340页@d20cm
300    @a高等学校试用教材 第二外语用
606    @a日语@x高等学校@x教材
690    @aH36@v3
711  0 @a华南工学院等五院校@Ahua nan gong xue yuan deng wu yuan xiao@4编
801  0 @aCN@bNLC@c20060414
905    @dH36@e146
    
    日语/华南工学院等五院校编.-北京:人民教育出版社,1979
    340页;20cm
    高等学校试用教材 第二外语用
    
    ISBN :CNY0.95
    
●
相关链接 在E读中查询图书 在五车中查询图书 在当当中查询图书 在豆瓣中查询图书


正题名:日语     索取号:H36/146         预约/预借

序号 登录号 条形码 馆藏地/架位号 状态 备注
1 0018273   001058303   第四借阅区/ [索取号:H36/146] 在馆    
2 0018274   001189074   密集书库/ [索取号:H36/146] 在馆    
3 0018275   001058349   第四借阅区/ [索取号:H36/146] 在馆    
4 0018276   001058358   第四借阅区/ [索取号:H36/146] 在馆    
5 0018277   001058321   第四借阅区/ [索取号:H36/146] 在馆    
6 0018278   001058330   第四借阅区/ [索取号:H36/146] 在馆    
7 0018279   001189065   密集书库/ [索取号:H36/146] 在馆    
8 0018280   001058312   第四借阅区/ [索取号:H36/146] 在馆    
9 0018281   001189047   密集书库/ [索取号:H36/146] 在馆    
10 0018282   001058367   第四借阅区/ [索取号:H36/146] 在馆    
11 0160638   001152978   第四借阅区/ [索取号:H36/146] 在馆    
12 0160639   001153922   第二样本阅览室/ [索取号:H36/146] 在馆    
唐山师范学院图书馆 欢迎您!
大连网信软件有限公司© 版权所有